Statistics for Famous Asian Movie Directors

Click here to take the quiz!

General Stats

  • This quiz has been taken 92 times
    (49 since last reset)
  • The average score is 10 of 17

Answer Stats

Notable FilmYear of Birth (Death)CountryAnswer% Correct
Seven Samurai1910-1998JapanAkira Kurosawa
100%
Crouching Tiger, Hidden Dragon1954TaiwanAng Lee
93%
Oldboy1963South KoreaPark Chan-wook
88%
Spirited Away1941JapanHayao Miyazaki
79%
Hard Boiled1946Hong KongJohn Woo
79%
In the Mood for Love1956Hong KongWong Kar-Wai
74%
Tokyo Story1903-1963JapanYasujiro Ozu
67%
Audition1960JapanTakashi Miike
57%
Apu Trilogy1921-1992IndiaSatyajit Ray
50%
Hero1951ChinaZhang Yimou
45%
Taste of Cherry1940-2016IranAbbas Kiarostami
43%
Ugetsu monogatari1898-1956JapanKenji Mizoguchi
40%
The Assassin1947TaiwanHou Hsiao-Hsien
36%
Sonatine1947JapanTakeshi Kitano
36%
A Separation1972IranAshgar Farhadi
33%
A Lullaby to the Sorrowful Mystery1958PhilippinesLav Diaz
24%
Bin-jip1960South KoreaKim Ki-duk
10%

Score Distribution

Percentile by Number Answered

Percent of People with Each Score

Your Score History

You have not taken this quiz since the last reset